Parole SOULMAN de Ben L'Oncle Soul - Statistiques

Statistiques générales
  • Ce quiz a été pris 274 fois
  • Le résultat moyen est 236 sur 324
Statistiques - réponses
Réponse % Correct
Je
97%
je
97%
pas
97%
d'
96%
de
96%
l'
96%
la
95%
95%
à
94%
ma
94%
J'ai
92%
j'ai
92%
ça
90%
le
90%
baby
89%
ces
89%
Soulman
89%
un
89%
écoute
86%
qu'un
86%
Superman
85%
loin
84%
suis
83%
mes
82%
moi
81%
Moi
81%
rien
81%
délires
79%
J'suis
79%
j'suis
79%
juste
79%
ne
78%
offrir
76%
mais
75%
choses
71%
sais
71%
Ali
70%
déjà
70%
De Vinci
70%
Mohammed
70%
c'est
69%
génie
67%
autre
66%
j'n'ai
66%
banquière
64%
que
64%
regard
62%
assurance
58%
Lee
58%
les
58%
Abbé
57%
qu'en
57%
vrai
57%
pieds
56%
Pierre
56%
Spike
56%
sur
56%
Terre
56%
d'autre
54%
Gandhi
54%
ni
54%
sagesse
54%
n'suis
53%
aura
47%
bonté
46%
King
46%
n'ai
45%
Guevara
44%
Kong
44%
non
44%
carrure
43%
âme
42%
des
41%
gangster
40%
physique
40%
Charlie
38%
Chaplin
37%
courage
35%
humour
34%
Mandela
34%
savoir
34%
science
34%
infuse
31%
Rosa
30%
Neil
28%
Parks
28%
magasines
27%
faire
26%
patiente
26%
Amstrong
25%
chance
25%
mon
25%
ferveur
22%
Bocuse
21%
du
20%
arc
19%
cordes
19%
plusieurs
17%
aimé
14%
être
14%
j'aurai
14%
comme
13%
eux
12%
fait
11%
bien
10%
commun
10%
hors
10%
essayé
7%
fin
7%
mieux
7%
quoi
6%
ah
5%
fasse
5%
Aucun quiz correspondant
Distribution des résultats
% des personnes avec chaque résultat
Percentile par nombre de réponses
Votre historique - résultats
Vous n’avez pas pris ce quiz